000 00843nam a2200193 i 4500
001 187924
003 ES-MaACL
005 20250812043350.0
008 180326s1929 sp |||| | spa d
100 1 _aRichert, Gertrud.
_996953
245 1 3 _aEl arte en Portugal
_b: conferencia dada el 4 de diciembre de 1928 /
_cpor Gertrudis Richert.
260 _aMadrid :
_b[s.n.],
_c1929 (
_fBlass tipogragía)
300 _a10 p., 3 h. lám. ;
_c23 cm.
490 1 _aConferencias dadas en el Centro de intercambio intelectual germano-español ;
_v21
650 7 _aArte portugués
_2embne
_9164451
830 0 0 _aConferencias dadas en el Centro de Intercambio Intelectual Germano-Español
_v21
_9192904
852 _aES-MaACL
_jC-8111(17)
_z.- Donat. del Centro de Intercambio Intelectual Germano-Español (Madrid)
999 _c187924
_d187924